Geography Quiz

Random Geography or Flags Quiz

Continent Pairs Quiz Stats

 Plays Quiz Updated Feb 14, 2018

Challenge
Share
Tweet
Score 0/15 Timer 06:00
0 Plays Today
% Correct
RUS and TUR
90%
6 Letters
85.8%
World Cup
84.1%
Union Jack
83%
NATO
82.4%
South Atlantic
81%
New Guinea
79.5%
President Capital
74.9%
% Correct
Fewest Countries
74.2%
Biggest
70.6%
No K
70%
Most Jews
68.5%
Islands
67.9%
Guineas
67.8%
Most Borders
47.2%

You're not logged in!

Compare scores with friends on all Sporcle quizzes.
Join for Free
OR
Log In

You Might Also Like...

Show Comments

Extras

Top Quizzes Today


Score Distribution

Your Account Isn't Verified!

In order to create a playlist on Sporcle, you need to verify the email address you used during registration. Go to your Sporcle Settings to finish the process.

Report this User

Report this user for behavior that violates our Community Guidelines.

Details: